000 00649nam a22002297a 4500
005 20170124110257.0
010 _a967529
020 _c00.00
_a853070105
035 _a967529
037 _bCen Lib/Ret
040 _aDPL
_bEN
082 _a921
_bCOU
100 _aCourtney, Anthony
_928439
245 _aSailor in a Russian frame /
_cby Anthony Courtney
260 _aLondon
_bJohnson
_c1968
270 _bLondon
_aA-11/14 Stanhope Mews West
300 _a256p. :
_c21cm(Hb)
_bill.
500 _aIncludes index
650 _aCourtney, Anthony -- Biography
_928440
650 _aBiography
_97490
942 _2ddc
_cEN
_h921
_mCOU
999 _c136286
_d136286